000 01123naa a22002897a 4500
001 BR7906648
003 BR-BrBNA
005 20240918174450.0
007 ta
008 230509b bl.||||| |||| 00| 0 por d
040 _aBR-BrBNA
_bpor
_cBiblioteca Nacional de Agricultura
041 _a(Pt)
072 _aN10
_b0150
_bG514
090 _aN10 BR7906648
100 1 _aRamos, R. de A.
111 1 _a16. Congresso Estadual de Economia Orizicola
_cSanta Maria, RS (Brazil)
_d15 Jun 1979
245 1 _aEletrificacao rural na regioes orizicolas do Estado do Rio Grande do Sul [Arroz; Oryza sativa; Brasil]
260 3 _aPorto Alegre, RS (Brasil):
_c1979.
500 _aDocumento final do 16. Congresso Estadual de Economia Orizicola Porto Alegre, RS (Brasil): 1979. p. 60-64 (BR7906648-AM)N10
650 _aEngenharia agricola
650 _aArroz
650 _aEletrificacao rural
650 _aRio Grande do Sul
773 0 _tDocumento final do 16. Congresso Estadual de Economia Orizicola
_wN10 BR7906648
_gPorto Alegre, RS (Brasil), 1979. p. 60-64
909 _a202404
_bLucia
_c55
_dLucia Elande
942 _cAM
_2AGRIS
999 _c311442
_d311442